New York Mets Opening Lineup 2023 - Statistics

General Stats
  • This quiz has been taken 234 times
  • The average score is 8 of 10
Answer Stats
Position Player % Correct
1B Pete Alonso
98%
CF Brandon Nimmo
95%
SS Francisco Lindor
95%
2B Jeff McNeil
95%
RF Starling Marte
90%
P Max Scherzer
74%
DH Daniel Vogelbach
70%
3B Eduardo Escobar
70%
LF Mark Canha
68%
C Omar Narvaez
56%
No matching quizzes found
Score Distribution
Percent of People with Each Score
Percentile by Number Answered
Your Score History
You have not taken this quiz